LEADER 00710nam0-22002771i-450- 001 990006411940403321 005 20110628103732.0 035 $a000641194 035 $aFED01000641194 035 $a(Aleph)000641194FED01 035 $a000641194 100 $a20000704d1962----km-y0itay50------ba 101 0 $aita 105 $ay-------001yy 200 1 $aPolitica e romanzo$fIrving Howe 210 $aMilano$cLerici$d1962 215 $a267 p.$d20 cm 225 1 $aSaggi$v23 700 1$aHowe,$bIrving$0127610 801 0$aIT$bUNINA$gRICA$2UNIMARC 901 $aBK 912 $a990006411940403321 952 $aBIB. BAT. 790$b5286$fBAT 959 $aBAT 996 $aPolitica e romanzo$9141805 997 $aUNINA